00994nam a2200229 a 450000100100000000500170001000800410002702000150006804000250008308200110010811100790011924501380019826000610033630000370039750000730043450400280050759000260053570000400056170000370060195201090063899900170074700004791020201002060815.0181003s2004 dr 000 0 spa d a9687346930 aDO-SdBNPbspacBNPHU axxbxx2 aConferencia Internacional de Seguridad Sociald([2004 :cMéxico])97546913aLa salud del adulto mayor :btemas y debates /cPresentación Onofre Muñoz ; editores Carmen García Peña, Luis Durán Arenas. aMéxico :bInstituto Mexicano del Seguro Social,c2004. a286 P. :bil., gráf. ;c26 cm. aIncluye referencias bibliográficas y notas al pie de las páginas aBibliografía : p. 286 aInventariado, 2018/VM1 aGarcía Peña, Carmeneed.9754701 aDurán Arenas, Luiseed.975471 0010718PDaPDbPDcHDd2018-10-03iLF1l0oxx xxp47910-10r2020-06-25w2020-06-25yLFPDZNo se presta c47398d47398